000 01320cam a22003734a 4500
001 7149
003 FISKH
005 20250827093053.0
008 990518s1999 wiua a 001 0 eng
010 _a 99033300
020 _a0836824601 (lib. bdg.)
020 _a9781899762224
040 _aDLC
_cDLC
_beng
050 _aPZ7
082 _a591
100 _aCarwardine, Mark
245 1 0 _aPrickly and soft animals /
_cillustrated by Martin Camm, John Francis, and Dick Twinney.
250 _aThis edition published in 1997
260 _aLondon :
_bIlex Publisher Limited,
_c1988
300 _a24 pages :
_bcolor illustrations ;
_c19 cm
490 1 _aAnimal opposites
505 _aG
520 _aIntroduces ten animals that can be distinguished by how they feel to the touch, including the porcupine, galago, spiny anteater, chinchilla, stickleback, llama, hedgehog, giant panda, tenrec, and rabbit.
521 8 _a300
_bLexile estimate
521 8 _aG
_bRaz-Plus
650 0 _aAnimals
_vMiscellanea
_vJuvenile literature.
650 1 _aAnimals.
700 1 _aCamm, Martin,
_eillustrator
700 1 _aFrancis, John,
_d1942-
_eillustrator
700 1 _aTwinney, Dick,
_eillustrator
906 _a7
_bcbc
_corignew
_gy-gencatlg
_d1
_eocip
_f19
942 _2ddc
_cBK
_n0
999 _c7149
_d7149